000 00448cam a2200169ua 4500
020 _a0 582 77502 7
_c3.35
041 _aeng
_h
082 _a630.33
_bDAV/AC
100 _aDavid N, Coy .
245 _aAccounting and finance for managers in tropical agriculture /
_cCoy David N.
_hTextual Documents
260 _aLondon :
_bLongman ,
_c1982.
300 _a118 ; .
365 _a3.35
504 _a
942 _cBK
999 _c2689
_d2689